Top Jetpunk Users - Statistics

General Stats
  • This quiz has been taken 11 times
  • The average score is 5 of 25
Answer Stats
Place User % Correct
5th Stewart
89%
1st relessness
78%
2nd scambigol
78%
4th Jerry928
44%
8th Gassu
33%
7th KoljiVriVoda
33%
13th CBTemple
22%
14th kalbahamut
22%
12th LBA
22%
3rd Quizzer6794
22%
10th WolfCam
22%
6th Gamer1162
11%
17th Jiaozira
11%
23rd nichster
11%
15th skukka
11%
11th Aaron197
0%
21st alberici
0%
22nd buck1017
0%
25th cosmokim
0%
19th Geoguy
0%
9th kiwirage
0%
20th Kvkq
0%
24th miki2003
0%
16th SatunPI
0%
18th ThirdParty
0%
No matching quizzes found
Score Distribution
Percent of People with Each Score
Percentile by Number Answered
Your Score History
You have not taken this quiz